[Event "ODJM B 2025"]
[Site "Willingen GER"]
[Date "2025.06.12"]
[Round "7"]
[White "Duchstein, Anna"]
[Black "Huppert, Anna"]
[Result "1-0"]
[Termination "normal"]
[Board "24"]
[WhiteElo "1724"]
[BlackElo "1630"]
[WhiteClock "00:20:19"]
[BlackClock "00:20:33"]
[PlyCount "97"]
[WhiteFideId "16261372"]
[BlackFideId "16214439"]
[EventCountry "GER"]
[EventRounds "9"]
[EventType "swiss"]
[EventDate "2025.06.07"]

1. e4 {[%clk 01:30:58]} {[%emt 00:00:01]} e6 {[%clk 01:30:56]} {[%emt
00:00:05]} 2. d4 {[%clk 01:31:21]} {[%emt 00:00:07]} d5 {[%clk 01:31:21]}
{[%emt 00:00:05]} 3. Nc3 {[%clk 01:31:37]} {[%emt 00:00:14]} Nf6 {[%clk
01:31:44]} {[%emt 00:00:07]} 4. Bg5 {[%clk 01:31:42]} {[%emt 00:00:25]} Bb4
{[%clk 01:31:51]} {[%emt 00:00:23]} 5. e5 {[%clk 01:31:12]} {[%emt 00:01:00]}
h6 {[%clk 01:32:10]} {[%emt 00:00:11]} 6. exf6 {[%clk 01:17:04]} {[%emt
00:14:38]} hxg5 {[%clk 01:31:51]} {[%emt 00:00:49]} 7. fxg7 {[%clk 01:17:11]}
{[%emt 00:00:22]} Rg8 {[%clk 01:31:47]} {[%emt 00:00:35]} 8. Qh5 {[%clk
01:05:21]} {[%emt 00:12:19]} Qf6 {[%clk 01:28:33]} {[%emt 00:03:44]} 9. Nf3
{[%clk 01:03:26]} {[%emt 00:02:26]} Qxg7 {[%clk 01:25:34]} {[%emt 00:03:28]}
10. a3 {[%clk 00:55:04]} {[%emt 00:08:52]} Be7 {[%clk 01:20:32]} {[%emt
00:05:33]} 11. Nb5 {[%clk 00:51:03]} {[%emt 00:04:32]} Rh8 {[%clk 01:13:33]}
{[%emt 00:07:27]} 12. Qg4 {[%clk 00:47:41]} {[%emt 00:03:52]} Na6 {[%clk
01:10:34]} {[%emt 00:03:30]} 13. Qg3 {[%clk 00:41:55]} {[%emt 00:06:16]} f5
{[%clk 00:53:08]} {[%emt 00:17:56]} 14. Ne5 {[%clk 00:27:34]} {[%emt 00:14:51]}
c6 {[%clk 00:44:57]} {[%emt 00:08:41]} 15. Nc3 {[%clk 00:27:40]} {[%emt
00:00:24]} Rh4 {[%clk 00:35:45]} {[%emt 00:09:41]} 16. O-O-O {[%clk 00:25:49]}
{[%emt 00:02:22]} Bd6 {[%clk 00:29:29]} {[%emt 00:06:46]} 17. Qe3 {[%clk
00:23:23]} {[%emt 00:02:55]} Bd7 {[%clk 00:25:36]} {[%emt 00:04:23]} 18. g3
{[%clk 00:21:51]} {[%emt 00:02:02]} f4 {[%clk 00:19:43]} {[%emt 00:06:23]} 19.
Qf3 {[%clk 00:18:44]} {[%emt 00:03:37]} fxg3 {[%clk 00:17:19]} {[%emt
00:02:54]} 20. fxg3 {[%clk 00:18:06]} {[%emt 00:01:09]} Rh8 {[%clk 00:16:33]}
{[%emt 00:01:16]} 21. Nxd7 {[%clk 00:15:10]} {[%emt 00:03:25]} Kxd7 {[%clk
00:13:02]} {[%emt 00:04:01]} 22. Bg2 {[%clk 00:14:00]} {[%emt 00:01:39]} Rhf8
{[%clk 00:08:56]} {[%emt 00:04:37]} 23. Qg4 {[%clk 00:13:02]} {[%emt 00:01:29]}
Qh6 {[%clk 00:08:18]} {[%emt 00:01:07]} 24. Kb1 {[%clk 00:12:46]} {[%emt
00:00:46]} Rae8 {[%clk 00:07:24]} {[%emt 00:01:24]} 25. Rde1 {[%clk 00:12:17]}
{[%emt 00:01:00]} Nc7 {[%clk 00:07:30]} {[%emt 00:00:23]} 26. h4 {[%clk
00:10:27]} {[%emt 00:02:20]} gxh4 {[%clk 00:07:26]} {[%emt 00:00:35]} 27. Rxh4
{[%clk 00:10:24]} {[%emt 00:00:32]} Qf6 {[%clk 00:07:05]} {[%emt 00:00:51]} 28.
Rf1 {[%clk 00:09:14]} {[%emt 00:01:40]} Qe7 {[%clk 00:06:42]} {[%emt 00:00:53]}
29. Qh3 {[%clk 00:08:30]} {[%emt 00:01:13]} Rxf1+ {[%clk 00:06:32]} {[%emt
00:00:41]} 30. Bxf1 {[%clk 00:08:53]} {[%emt 00:00:07]} Kc8 {[%clk 00:06:24]}
{[%emt 00:00:38]} 31. Rh6 {[%clk 00:07:54]} {[%emt 00:01:29]} Qg7 {[%clk
00:06:27]} {[%emt 00:00:27]} 32. Ne2 {[%clk 00:07:33]} {[%emt 00:00:51]} Rf8
{[%clk 00:05:08]} {[%emt 00:01:49]} 33. Rh5 {[%clk 00:06:22]} {[%emt 00:01:41]}
Qg6 {[%clk 00:04:39]} {[%emt 00:00:59]} 34. Rh8 {[%clk 00:06:00]} {[%emt
00:00:52]} Qf6 {[%clk 00:04:21]} {[%emt 00:00:48]} 35. Rxf8+ {[%clk 00:06:05]}
{[%emt 00:00:26]} Qxf8 {[%clk 00:04:37]} {[%emt 00:00:14]} 36. Qg2 {[%clk
00:06:05]} {[%emt 00:00:29]} c5 {[%clk 00:04:16]} {[%emt 00:00:51]} 37. g4
{[%clk 00:05:34]} {[%emt 00:01:01]} Qg7 {[%clk 00:03:44]} {[%emt 00:01:02]} 38.
dxc5 {[%clk 00:04:56]} {[%emt 00:01:09]} Bxc5 {[%clk 00:04:05]} {[%emt
00:00:08]} 39. g5 {[%clk 00:05:05]} {[%emt 00:00:21]} e5 {[%clk 00:02:50]}
{[%emt 00:01:45]} 40. g6 {[%clk 00:04:14]} {[%emt 00:01:21]} Bf8 {[%clk
00:02:17]} {[%emt 00:01:03]} 41. Qg4+ {[%clk 00:01:50]} {[%emt 00:02:53]} Qd7
{[%clk 00:01:15]} {[%emt 00:01:33]} 42. Qh5 {[%clk 00:01:16]} {[%emt 00:01:04]}
Qe8 {[%clk 00:28:23]} {[%emt 00:03:22]} 43. Qg4+ {[%clk 00:30:02]} {[%emt
00:01:43]} Qd7 {[%clk 00:27:11]} {[%emt 00:01:43]} 44. Qg3 {[%clk 00:29:26]}
{[%emt 00:01:07]} Qe8 {[%clk 00:26:55]} {[%emt 00:00:45]} 45. g7 {[%clk
00:28:30]} {[%emt 00:01:26]} Bxg7 {[%clk 00:25:15]} {[%emt 00:02:10]} 46. Qxg7
{[%clk 00:28:51]} {[%emt 00:00:08]} e4 {[%clk 00:25:26]} {[%emt 00:00:20]} 47.
Nd4 {[%clk 00:25:03]} {[%emt 00:04:19]} Kd8 {[%clk 00:24:15]} {[%emt 00:01:40]}
48. Bh3 {[%clk 00:22:13]} {[%emt 00:03:20]} Nb5 {[%clk 00:20:33]} {[%emt
00:04:13]} 49. Ne6+ {[%clk 00:20:19]} {[%emt 00:02:23]} 1-0

[Event "ODJM B 2025"]
[Site "Willingen GER"]
[Date "2025.06.12"]
[Round "7"]
[White "Schmidt, Emelie"]
[Black "Heitmann, Erik"]
[Result "0-1"]
[Termination "normal"]
[Board "26"]
[WhiteElo "1575"]
[BlackElo "1798"]
[WhiteClock "00:46:53"]
[BlackClock "00:47:13"]
[PlyCount "60"]
[WhiteFideId "34682490"]
[BlackFideId "34608940"]
[EventCountry "GER"]
[EventRounds "9"]
[EventType "swiss"]
[EventDate "2025.06.07"]

1. d4 {[%clk 01:30:59]} {[%emt 00:00:01]} Nf6 {[%clk 01:30:53]} {[%emt
00:00:07]} 2. Nf3 {[%clk 01:31:22]} {[%emt 00:00:07]} c5 {[%clk 01:31:18]}
{[%emt 00:00:05]} 3. c3 {[%clk 01:30:35]} {[%emt 00:01:17]} e6 {[%clk
01:31:39]} {[%emt 00:00:09]} 4. g3 {[%clk 01:30:33]} {[%emt 00:00:32]} d5
{[%clk 01:31:46]} {[%emt 00:00:23]} 5. Bg2 {[%clk 01:30:35]} {[%emt 00:00:28]}
Nc6 {[%clk 01:32:10]} {[%emt 00:00:06]} 6. O-O {[%clk 01:29:45]} {[%emt
00:01:20]} Be7 {[%clk 01:29:28]} {[%emt 00:03:12]} 7. Bg5 {[%clk 01:27:59]}
{[%emt 00:02:16]} Qb6 {[%clk 01:27:00]} {[%emt 00:02:57]} 8. b3 {[%clk
01:19:23]} {[%emt 00:09:06]} O-O {[%clk 01:18:45]} {[%emt 00:08:45]} 9. Qd3
{[%clk 01:15:37]} {[%emt 00:04:16]} h6 {[%clk 01:18:10]} {[%emt 00:01:05]} 10.
Bf4 {[%clk 01:13:45]} {[%emt 00:02:21]} Bd7 {[%clk 01:08:24]} {[%emt 00:10:17]}
11. Rd1 {[%clk 01:11:54]} {[%emt 00:02:21]} cxd4 {[%clk 01:07:44]} {[%emt
00:01:11]} 12. cxd4 {[%clk 01:10:49]} {[%emt 00:01:35]} Nb4 {[%clk 01:07:35]}
{[%emt 00:00:39]} 13. Qd2 {[%clk 01:07:13]} {[%emt 00:04:04]} Ne4 {[%clk
01:05:46]} {[%emt 00:02:20]} 14. Qb2 {[%clk 01:06:08]} {[%emt 00:01:36]} Rac8
{[%clk 01:03:42]} {[%emt 00:02:33]} 15. Rc1 {[%clk 01:06:01]} {[%emt 00:00:37]}
Rxc1+ {[%clk 01:03:49]} 16. Qxc1 {[%clk 01:05:13]} {[%emt 00:01:41]} Rc8 {[%clk
01:03:46]} {[%emt 00:00:33]} 17. Qd1 {[%clk 01:02:31]} {[%emt 00:03:13]} Nc2
{[%clk 01:03:06]} {[%emt 00:01:09]} 18. Ne5 {[%clk 01:02:18]} {[%emt 00:00:43]}
Qd8 {[%clk 01:00:09]} {[%emt 00:03:27]} 19. Nd2 {[%clk 00:58:20]} {[%emt
00:04:28]} Nc3 {[%clk 00:58:58]} {[%emt 00:01:42]} 20. Qf1 {[%clk 00:54:59]}
{[%emt 00:03:51]} Nxa1 {[%clk 00:58:41]} {[%emt 00:00:46]} 21. Bf3 {[%clk
00:51:32]} {[%emt 00:03:58]} Nc2 {[%clk 00:58:34]} {[%emt 00:00:36]} 22. Qh3
{[%clk 00:51:25]} {[%emt 00:00:38]} Nxd4 {[%emt 00:03:44]} 23. Bh5 {[%clk
00:50:10]} {[%emt 00:01:35]} Ncxe2+ {[%clk 00:51:47]} {[%emt 00:04:12]} 24. Kg2
{[%clk 00:50:17]} {[%emt 00:00:24]} Nxf4+ {[%clk 00:52:05]} {[%emt 00:00:11]}
25. gxf4 {[%clk 00:50:39]} {[%emt 00:00:08]} Be8 {[%clk 00:50:27]} {[%emt
00:02:08]} 26. Nf1 {[%clk 00:48:53]} {[%emt 00:02:16]} Nf5 {[%emt 00:02:45]}
27. Ne3 {[%clk 00:48:43]} {[%emt 00:00:37]} Nxe3+ {[%clk 00:48:25]} {[%emt
00:00:20]} 28. fxe3 {[%clk 00:49:07]} {[%emt 00:00:07]} Rc2+ {[%clk 00:48:24]}
{[%emt 00:00:30]} 29. Kf3 {[%clk 00:49:24]} {[%emt 00:00:13]} d4 {[%clk
00:47:10]} {[%emt 00:01:45]} 30. f5 {[%clk 00:46:53]} {[%emt 00:03:01]} Qd5+
{[%clk 00:47:13]} {[%emt 00:00:24]} 0-1

[Event "ODJM B 2025"]
[Site "Willingen GER"]
[Date "2025.06.12"]
[Round "7"]
[White "Gretzinger, Maximilian"]
[Black "Schöne, Finn"]
[Result "0-1"]
[Termination "normal"]
[Board "27"]
[WhiteElo "1710"]
[BlackElo "1843"]
[WhiteClock "00:29:25"]
[BlackClock "00:56:59"]
[PlyCount "59"]
[WhiteFideId "34694960"]
[BlackFideId "34623493"]
[EventCountry "GER"]
[EventRounds "9"]
[EventType "swiss"]
[EventDate "2025.06.07"]

1. e4 {[%clk 01:30:57]} {[%emt 00:00:03]} c5 {[%clk 01:30:57]} {[%emt
00:00:04]} 2. Nf3 {[%clk 01:31:21]} {[%emt 00:00:06]} e6 {[%clk 01:31:22]}
{[%emt 00:00:05]} 3. Nc3 {[%clk 01:31:11]} {[%emt 00:00:40]} Nc6 {[%clk
01:31:48]} {[%emt 00:00:04]} 4. Bb5 {[%clk 01:31:32]} {[%emt 00:00:09]} Nge7
{[%clk 01:32:13]} {[%emt 00:00:05]} 5. O-O {[%clk 01:31:44]} {[%emt 00:00:18]}
a6 {[%clk 01:32:40]} {[%emt 00:00:03]} 6. Bxc6 {[%clk 01:32:05]} {[%emt
00:00:09]} Nxc6 {[%clk 01:33:06]} {[%emt 00:00:05]} 7. d3 {[%clk 01:31:44]}
{[%emt 00:00:50]} Qc7 {[%clk 01:33:17]} {[%emt 00:00:18]} 8. Be3 {[%clk
01:30:54]} {[%emt 00:01:20]} b5 {[%clk 01:33:32]} {[%emt 00:00:16]} 9. Qd2
{[%clk 01:25:38]} {[%emt 00:05:46]} Be7 {[%clk 01:33:37]} {[%emt 00:00:24]} 10.
Rfe1 {[%clk 01:24:00]} {[%emt 00:02:08]} O-O {[%clk 01:34:10]} {[%emt
00:02:48]} 11. Bf4 d6 {[%clk 01:34:10]} {[%emt 00:13:58]} 12. Rad1 Bb7 {[%clk
01:31:00]} {[%emt 00:01:24]} 13. Qe3 Nd4 {[%clk 01:14:56]} {[%emt 00:09:06]}
14. Rd2 Bf6 {[%emt 00:25:50]} 15. Nd1 {[%emt 00:06:16]} Rfd8 {[%emt 00:04:19]}
16. Nxd4 {[%emt 00:02:52]} cxd4 {[%emt 00:01:39]} 17. Qg3 {[%clk 00:49:28]}
{[%emt 00:00:14]} Qa5 {[%clk 01:05:48]} {[%emt 00:01:26]} 18. a3 {[%clk
00:46:31]} {[%emt 00:03:27]} e5 {[%clk 01:05:27]} {[%emt 00:00:51]} 19. Ree2
{[%clk 00:40:47]} {[%emt 00:06:14]} exf4 {[%clk 01:05:24]} {[%emt 00:00:32]}
20. Qxf4 {[%clk 00:41:04]} {[%emt 00:00:14]} Rac8 {[%clk 01:03:30]} {[%emt
00:02:24]} 21. g4 {[%clk 00:37:03]} {[%emt 00:04:30]} Qc7 {[%clk 00:56:36]}
{[%emt 00:07:24]} 22. f3 {[%clk 00:34:48]} {[%emt 00:02:45]} Qe7 {[%clk
00:55:18]} {[%emt 00:01:48]} 23. Qg3 {[%clk 00:32:07]} {[%emt 00:03:11]} Bh4
{[%clk 00:55:26]} {[%emt 00:00:22]} 24. Qg2 {[%clk 00:29:13]} {[%emt 00:03:24]}
Bg5 {[%clk 00:55:37]} {[%emt 00:00:19]} 25. Nf2 {[%clk 00:28:55]} {[%emt
00:00:48]} Bxd2 {[%clk 00:55:54]} {[%emt 00:00:14]} 26. Rxd2 {[%clk 00:29:23]}
Qg5 {[%clk 00:56:10]} {[%emt 00:00:14]} 27. Nh3 {[%clk 00:28:46]} {[%emt
00:01:07]} Qe3+ {[%clk 00:56:27]} {[%emt 00:00:13]} 28. Rf2 {[%clk 00:29:08]}
{[%emt 00:00:08]} Rxc2 {[%clk 00:56:48]} {[%emt 00:00:10]} 29. Qf1 {[%clk
00:29:11]} {[%emt 00:00:26]} Rc1 {[%clk 00:56:59]} {[%emt 00:00:20]} 30. Qxc1
{[%clk 00:29:25]} {[%emt 00:00:16]} 0-1

[Event "ODJM B 2025"]
[Site "Willingen GER"]
[Date "2025.06.12"]
[Round "7"]
[White "Lesser, Luan"]
[Black "Mai, Maximilian"]
[Result "1/2-1/2"]
[Termination "normal"]
[Board "28"]
[WhiteElo "1790"]
[BlackElo "1697"]
[WhiteClock "00:39:03"]
[BlackClock "00:59:18"]
[PlyCount "46"]
[WhiteFideId "34640150"]
[BlackFideId "34628924"]
[EventCountry "GER"]
[EventRounds "9"]
[EventType "swiss"]
[EventDate "2025.06.07"]

1. e4 {[%clk 01:30:56]} {[%emt 00:00:03]} c5 {[%clk 01:30:46]} {[%emt
00:00:14]} 2. b4 {[%clk 01:31:25]} {[%emt 00:00:02]} cxb4 {[%clk 01:31:10]}
{[%emt 00:00:06]} 3. a3 {[%clk 01:31:52]} {[%emt 00:00:03]} d5 {[%clk
01:31:30]} {[%emt 00:00:10]} 4. exd5 {[%clk 01:31:23]} {[%emt 00:01:00]} Qxd5
{[%clk 01:31:54]} {[%emt 00:00:05]} 5. Nf3 {[%clk 01:31:47]} {[%emt 00:00:05]}
e5 {[%clk 01:32:08]} {[%emt 00:00:17]} 6. axb4 {[%clk 01:29:41]} {[%emt
00:02:36]} Bxb4 {[%clk 01:32:18]} {[%emt 00:00:20]} 7. c3 {[%clk 01:24:09]}
{[%emt 00:06:02]} Bc5 {[%clk 01:30:23]} {[%emt 00:02:25]} 8. d4 {[%clk
01:21:34]} {[%emt 00:03:05]} exd4 {[%clk 01:30:32]} {[%emt 00:00:20]} 9. cxd4
{[%clk 01:20:13]} {[%emt 00:01:52]} Bb4+ {[%clk 01:29:25]} {[%emt 00:01:36]}
10. Bd2 {[%clk 01:19:16]} {[%emt 00:01:27]} Bxd2+ {[%clk 01:29:47]} {[%emt
00:00:09]} 11. Nbxd2 {[%clk 01:19:43]} {[%emt 00:00:03]} Qe6+ {[%clk 01:28:55]}
{[%emt 00:01:22]} 12. Be2 {[%clk 01:14:03]} {[%emt 00:06:10]} Nf6 {[%clk
01:24:40]} {[%emt 00:04:45]} 13. O-O {[%clk 01:13:06]} {[%emt 00:01:27]} O-O
{[%clk 01:24:08]} {[%emt 00:01:02]} 14. Bc4 {[%clk 01:07:40]} {[%emt 00:05:56]}
Qg4 {[%clk 01:23:22]} {[%emt 00:01:16]} 15. Qb3 {[%clk 01:07:16]} {[%emt
00:00:53]} Nbd7 {[%clk 01:17:45]} {[%emt 00:06:08]} 16. Rfe1 {[%clk 01:03:41]}
{[%emt 00:04:04]} b6 {[%clk 01:01:30]} {[%emt 00:16:46]} 17. Bd5 {[%clk
00:52:55]} {[%emt 00:11:15]} Nxd5 {[%clk 01:01:08]} {[%emt 00:00:53]} 18. Qxd5
{[%clk 00:53:23]} {[%emt 00:00:02]} Rb8 {[%clk 01:01:28]} {[%emt 00:00:10]} 19.
Re4 {[%clk 00:51:26]} {[%emt 00:02:24]} Nf6 {[%clk 00:58:59]} {[%emt 00:03:02]}
20. Rxg4 {[%clk 00:44:01]} {[%emt 00:07:53]} Nxd5 {[%clk 00:59:25]} {[%emt
00:00:05]} 21. Rg5 {[%clk 00:44:22]} {[%emt 00:00:07]} Be6 {[%clk 00:59:17]}
{[%emt 00:00:40]} 22. Rxa7 {[%clk 00:43:31]} {[%emt 00:01:21]} Rfc8 {[%clk
00:59:18]} {[%emt 00:00:28]} 23. Re5 {[%clk 00:39:03]} {[%emt 00:04:58]} Rc1+
{[%emt 00:01:58]} 1/2-1/2

[Event "ODJM B 2025"]
[Site "Willingen GER"]
[Date "2025.06.12"]
[Round "7"]
[White "Klemm, Julian"]
[Black "Kutz, Paul Matti"]
[Result "1-0"]
[Termination "normal"]
[Board "29"]
[WhiteElo "1540"]
[BlackElo "1838"]
[WhiteClock "00:24:29"]
[BlackClock "00:11:16"]
[PlyCount "115"]
[WhiteFideId "533001901"]
[BlackFideId "16296265"]
[EventCountry "GER"]
[EventRounds "9"]
[EventType "swiss"]
[EventDate "2025.06.07"]

1. e4 {[%clk 01:30:52]} {[%emt 00:00:06]} e5 {[%clk 01:30:56]} {[%emt
00:00:05]} 2. Nf3 {[%clk 01:31:12]} {[%emt 00:00:09]} Nc6 {[%clk 01:31:19]}
{[%emt 00:00:07]} 3. Bb5 {[%clk 01:31:32]} {[%emt 00:00:10]} a6 {[%clk
01:31:08]} {[%emt 00:00:42]} 4. Ba4 {[%clk 01:31:48]} {[%emt 00:00:14]} Nf6
{[%clk 01:30:37]} {[%emt 00:01:00]} 5. O-O {[%clk 01:32:00]} {[%emt 00:00:18]}
b5 {[%clk 01:28:55]} {[%emt 00:02:12]} 6. Bb3 {[%clk 01:32:09]} {[%emt
00:00:21]} Bb4 {[%clk 01:19:45]} {[%emt 00:09:40]} 7. c3 {[%clk 01:31:26]}
{[%emt 00:01:13]} Ba5 {[%clk 01:19:48]} {[%emt 00:00:26]} 8. d3 {[%clk
01:24:40]} {[%emt 00:07:17]} h6 {[%clk 01:19:11]} {[%emt 00:01:06]} 9. Re1
{[%clk 01:22:38]} {[%emt 00:02:32]} d6 {[%clk 01:06:53]} {[%emt 00:12:49]} 10.
Nbd2 {[%clk 01:22:17]} {[%emt 00:00:51]} Bg4 {[%clk 01:04:42]} {[%emt
00:02:41]} 11. Nf1 {[%clk 01:22:12]} {[%emt 00:00:35]} Bxf3 {[%clk 00:46:13]}
{[%emt 00:18:59]} 12. Qxf3 {[%clk 01:21:46]} {[%emt 00:00:56]} Nd4 {[%clk
00:44:40]} {[%emt 00:02:03]} 13. Qd1 {[%clk 01:13:54]} {[%emt 00:08:22]} Nc6
{[%clk 00:41:41]} {[%emt 00:03:29]} 14. Ng3 {[%clk 01:10:20]} {[%emt 00:04:04]}
Qd7 {[%clk 00:34:07]} {[%emt 00:08:04]} 15. Nf5 {[%clk 01:04:35]} {[%emt
00:06:15]} O-O-O {[%clk 00:27:47]} {[%emt 00:06:49]} 16. Bc2 {[%clk 00:59:16]}
{[%emt 00:05:51]} d5 {[%clk 00:25:12]} {[%emt 00:03:03]} 17. exd5 {[%clk
00:37:41]} {[%emt 00:22:05]} Nxd5 {[%clk 00:21:36]} {[%emt 00:04:07]} 18. Ne3
{[%clk 00:36:46]} {[%emt 00:01:24]} Nf4 {[%clk 00:18:50]} {[%emt 00:03:16]} 19.
Qf3 {[%clk 00:28:56]} {[%emt 00:08:21]} Nd5 {[%clk 00:07:02]} {[%emt 00:12:17]}
20. d4 {[%clk 00:23:54]} {[%emt 00:05:32]} g6 {[%clk 00:02:42]} {[%emt
00:04:50]} 21. Nxd5 {[%clk 00:23:41]} {[%emt 00:00:44]} Qxd5 {[%clk 00:02:55]}
{[%emt 00:00:16]} 22. Be4 {[%clk 00:23:47]} {[%emt 00:00:25]} Nxd4 {[%clk
00:02:27]} {[%emt 00:00:58]} 23. Bxd5 {[%clk 00:22:55]} {[%emt 00:01:22]} Nxf3+
{[%clk 00:02:52]} {[%emt 00:00:05]} 24. Bxf3 {[%clk 00:23:18]} {[%emt
00:00:06]} f6 {[%clk 00:02:59]} {[%emt 00:00:23]} 25. Be3 {[%clk 00:23:22]}
{[%emt 00:00:26]} Bb6 {[%clk 00:03:11]} {[%emt 00:00:19]} 26. Bxb6 {[%clk
00:23:38]} {[%emt 00:00:14]} cxb6 {[%clk 00:03:38]} {[%emt 00:00:03]} 27. Rad1
{[%clk 00:23:58]} {[%emt 00:00:10]} Kc7 {[%clk 00:03:28]} {[%emt 00:00:40]} 28.
Rxd8 {[%clk 00:23:13]} {[%emt 00:01:14]} Rxd8 {[%clk 00:03:52]} {[%emt
00:00:06]} 29. Rd1 {[%clk 00:23:35]} {[%emt 00:00:08]} Rxd1+ {[%clk 00:04:19]}
{[%emt 00:00:04]} 30. Bxd1 {[%clk 00:24:01]} {[%emt 00:00:03]} Kc6 {[%clk
00:04:41]} {[%emt 00:00:08]} 31. Kf1 {[%clk 00:24:07]} {[%emt 00:00:25]} Kc5
{[%clk 00:05:04]} {[%emt 00:00:07]} 32. Ke2 {[%clk 00:24:04]} {[%emt 00:00:32]}
a5 {[%clk 00:05:13]} {[%emt 00:00:22]} 33. Kd3 {[%clk 00:24:09]} {[%emt
00:00:25]} a4 {[%clk 00:05:17]} {[%emt 00:00:26]} 34. a3 {[%clk 00:23:23]}
{[%emt 00:01:16]} f5 {[%clk 00:05:14]} {[%emt 00:00:33]} 35. b3 {[%clk
00:21:44]} {[%emt 00:02:09]} e4+ {[%clk 00:05:02]} {[%emt 00:00:42]} 36. Ke3
{[%clk 00:21:46]} {[%emt 00:00:28]} g5 {[%clk 00:05:13]} {[%emt 00:00:19]} 37.
f3 {[%clk 00:20:25]} {[%emt 00:01:51]} Kd5 {[%clk 00:04:55]} {[%emt 00:00:49]}
38. fxe4+ {[%clk 00:20:06]} {[%emt 00:00:47]} fxe4 {[%clk 00:05:16]} {[%emt
00:00:09]} 39. bxa4 {[%clk 00:19:47]} {[%emt 00:00:49]} bxa4 {[%clk 00:05:30]}
{[%emt 00:00:17]} 40. Bxa4 {[%clk 00:19:57]} {[%emt 00:00:20]} Ke5 {[%clk
00:05:50]} {[%emt 00:00:09]} 41. Bc6 {[%clk 00:20:07]} {[%emt 00:00:20]} Kf5
{[%clk 00:06:14]} {[%emt 00:00:07]} 42. Bxe4+ {[%clk 00:20:23]} {[%emt
00:00:14]} Kg4 {[%clk 00:06:36]} {[%emt 00:00:08]} 43. h3+ {[%clk 00:20:04]}
{[%emt 00:00:48]} Kh4 {[%clk 00:06:50]} {[%emt 00:00:16]} 44. Kd4 {[%clk
00:20:15]} {[%emt 00:00:19]} h5 {[%clk 00:07:04]} {[%emt 00:00:16]} 45. Kd5
{[%clk 00:20:35]} {[%emt 00:00:10]} Kg3 {[%clk 00:07:11]} {[%emt 00:00:24]} 46.
Kc6 {[%clk 00:20:57]} {[%emt 00:00:08]} Kf4 {[%clk 00:07:26]} {[%emt 00:00:16]}
47. Bf3 {[%clk 00:21:11]} {[%emt 00:00:15]} g4 {[%clk 00:07:35]} {[%emt
00:00:21]} 48. hxg4 {[%emt 00:00:21]} hxg4 {[%clk 00:08:00]} 49. Bxg4 {[%clk
00:21:47]} {[%emt 00:00:08]} Kxg4 {[%clk 00:08:23]} {[%emt 00:00:06]} 50. Kxb6
{[%clk 00:22:13]} {[%emt 00:00:04]} Kf5 {[%clk 00:08:49]} {[%emt 00:00:04]} 51.
a4 {[%clk 00:22:29]} {[%emt 00:00:15]} Ke6 {[%clk 00:09:11]} {[%emt 00:00:08]}
52. a5 {[%clk 00:22:28]} {[%emt 00:00:32]} Kd7 {[%clk 00:09:35]} {[%emt
00:00:06]} 53. Kb7 {[%clk 00:22:49]} {[%emt 00:00:08]} Kd6 {[%clk 00:09:47]}
{[%emt 00:00:18]} 54. a6 {[%clk 00:23:14]} {[%emt 00:00:05]} Kd7 {[%clk
00:10:13]} {[%emt 00:00:04]} 55. a7 {[%clk 00:23:32]} {[%emt 00:00:11]} Kd8
{[%clk 00:10:39]} {[%emt 00:00:04]} 56. a8=Q+ {[%clk 00:23:57]} {[%emt
00:00:06]} Kd7 {[%clk 00:10:51]} {[%emt 00:00:18]} 57. Qc8 {[%clk 00:24:15]}
{[%emt 00:00:12]} Ke7 {[%clk 00:11:16]} {[%emt 00:00:05]} 58. Kc6 {[%clk
00:24:29]} {[%emt 00:00:15]} 1-0